Statistics for Countries with the Most Tourists (actual)

Click here to take the quiz!

General Stats

  • This quiz has been taken 3,477 times
  • The average score is 8 of 10

Answer Stats

Number of Tourists Country % Correct
1,042.4 millionUSA
100%
134.5 millionFrance
98%
664.0 millionChina
96%
157.1 millionUK
92%
97.0 millionGermany
88%
322.1 millionIndia
81%
178.2 millionBrazil
80%
97.9 millionCanada
80%
111.3 millionIndonesia
51%
105.9 millionPoland
28%

Score Distribution

Percentile by Number Answered

Percent of People with Each Score

Your Score History

You have not taken this quiz